Search the Library Catalogue
| 000 -LEADER | |
|---|---|
| fixed length control field | 00662nam a2200205Ia 4500 |
| 008 - FIXED-LENGTH DATA ELEMENTS--GENERAL INFORMATION | |
| fixed length control field | 191130s1982##################000#0#eng## |
| 020 ## - INTERNATIONAL STANDARD BOOK NUMBER | |
| ISBN | 9780521280075 |
| 082 ## - DEWEY DECIMAL CLASSIFICATION NUMBER | |
| Classification number | 780.1 DAH |
| 100 ## - MAIN ENTRY--AUTHOR NAME | |
| Personal name | Dahlhaus, Carl |
| 245 ## - TITLE STATEMENT | |
| Title | Aesthetics of music |
| Statement of responsibility, etc | Carl Dahlhaus ; translated by William W. Austin |
| 260 ## - PUBLICATION, DISTRIBUTION, ETC. (IMPRINT) | |
| Place of publication | Cambridge |
| Name of publisher | Cambridge University Press |
| Year of publication | 1982 |
| 300 ## - PHYSICAL DESCRIPTION | |
| Number of Pages | xii, 115 p. ; 23 cm |
| 500 ## - GENERAL NOTE | |
| General note | Translation of: Musikästhetik. Includes index. Bibliography: p. 101-112 |
| 650 ## - SUBJECT ADDED ENTRY--TOPICAL TERM | |
| Topical Term | Music - Philosophy and aesthetics |
| 991 ## - | |
| -- | 341841 |
| Withdrawn status | Lost status | Damaged status | Not for loan | Home library | Current library | Shelving location | Date acquired | Full call number | Accession Number | Price effective from | Koha item type |
|---|---|---|---|---|---|---|---|---|---|---|---|
| Anna Centenary Library | Anna Centenary Library | 6TH FLOOR, B WING | 12.10.2020 | 780.1 DAH | 234873 | 12.10.2020 | English Books |